Statistics for Euro 2016 groups

Click here to take the quiz!

General Stats

  • This quiz has been taken 64 times
  • The average score is 21 of 24

Answer Stats

Hint Group A % Correct
1France
100%
1Germany
100%
1Spain
100%
1England
96%
2Russia
96%
4Sweden
96%
3Ireland
96%
2Italy
96%
1Portugal
95%
1Belgium
93%
4Croatia
91%
4Switzerland
91%
3Poland
91%
3Wales
89%
2Iceland
88%
3Austria
86%
4Slovakia
84%
3Turkey
82%
2Ukraine
82%
4Northern Ireland
79%
2Romania
79%
2Czech Republic
75%
4Hungary
75%
3Albania
70%

Score Distribution

Percentile by Number Answered

Percent of People with Each Score

Your Score History

You have not taken this quiz